| 000 | 00972cab a2200205 4500 | ||
|---|---|---|---|
| 001 | ABS44535 | ||
| 008 | 090401t1991 xxu||||| |||| 00| 0 eng d | ||
| 035 | _a(Sirsi) u47704 | ||
| 041 | _aeng | ||
| 245 | _aBeginner`s guide: how property futures work | ||
| 260 | _c1991 | ||
| 350 | _a0 | ||
| 490 |
_aEstates Gazette _v(9119) 18 May 1991, 71(1) |
||
| 520 | _aProperty futures , recently launched on the London Futures and Options Exchange , are here explained in a brief and straightforward manner. The introduction defines the function of futures and succeeding paragraphs elaborate on the method of their operation, including simple aides memoire. The article ends with a couple of tips: that you don`t have to invest more than a deposit initially, and that you can buy or sell anytime within the span of the contract. | ||
| 650 | _aINVESTMENT | ||
| 650 | _aLONDON FOX | ||
| 690 | _aPROPERTY-PROPERTY FINANCE AND INVESTMENT | ||
| 942 | _n0 | ||
| 948 | _c04/03/1997 | ||
| 999 |
_c30064 _d30064 |
||